Central Library and Information Centre
Sibsagar Girls' College, Sivasagar : Assam

PLASMA PHYSICS (Record no. 9486)

MARC details
000 -LEADER
fixed length control field 00291cam a2200145ua 4500
008 - FIXED-LENGTH DATA ELEMENTS--GENERAL INFORMATION
fixed length control field 120117n II |||gr||||Z||||||eng
040 ## - CATALOGING SOURCE
Original cataloging agency MAIN
041 ## - LANGUAGE CODE
-- English
082 ## - DEWEY DECIMAL CLASSIFICATION NUMBER
Classification number 530 SEN
100 ## - MAIN ENTRY--PERSONAL NAME
Personal name SEN, S. N.
245 ## - TITLE STATEMENT
Title PLASMA PHYSICS
942 ## - ADDED ENTRY ELEMENTS (KOHA)
Koha item type Books
653 ## - INDEX TERM--UNCONTROLLED
Uncontrolled term Physics
Holdings
Withdrawn status Lost status Damaged status Not for loan Collection code Home library Current library Shelving location Date acquired Full call number Barcode Date last seen Copy number Price effective from Koha item type Public note
        TBPHY Central Library and Information Centre Sibsagar Girls College Central Library and Information Centre Sibsagar Girls College PHYSICS BOOK RACK 21.07.2000 530 SEN 16343 27.02.2020 1 27.02.2020 Books V


Sibsagar Girl's College © 2020. All rights reserved.
Powered by Koha.
Maintained by Abhijit Borpuzari.